000
00207 a2200097 4500
001
11358
100
_a
Toynbee, A.
245
_a
Toynbee on Toynbee
260
_a
_b
Oxford University
_c
090
_c
8907
_d
8907
942
_a
NUST-CAE
_c
M
_c
35719
999
_c
246431
_d
246431